000 00505nam a2200181Ia 4500
005 20250326124201.0
008 250326s9999 xx 000 0 und d
037 _aTextbook
040 _aFMSL
_beng
_cFMSL
041 _aeng
_2eng
084 _aX:51 K8;8
_qFMSL
100 _aPreston L E
_9736931
245 0 _aSocial issues in marketing
_cPreston L E
260 _aNew Jersey
_bNew Jersey, Scott, Foresman
_c1968
300 _a313p
942 _cTB
_hX:51 K8;8
999 _c1272627
_d1272627